Property times UK industrial Q2 2012 (Record no. 114520)

MARC details
000 -LEADER
fixed length control field 01076cad a22002055a 4500
001 - CONTROL NUMBER
control field L156966
008 - FIXED-LENGTH DATA ELEMENTS--GENERAL INFORMATION
fixed length control field 110808e2012 xxkqr eng u
035 ## - SYSTEM CONTROL NUMBER
System control number (Sirsi) u156966
041 0# - LANGUAGE CODE
Language code of text/sound track or separate title eng
110 2# - MAIN ENTRY--CORPORATE NAME
Corporate name or jurisdiction name as entry element DTZ
245 00 - TITLE STATEMENT
Title Property times UK industrial Q2 2012
Remainder of title 25 July 2012h[electronic resource]
260 ## - PUBLICATION, DISTRIBUTION, ETC.
Place of publication, distribution, etc. [S.l.]
Name of publisher, distributor, etc. DTZ
Date of publication, distribution, etc. 2012
490 #0 - SERIES STATEMENT
Series statement DTZ Property Times UK Industrial
Volume/sequential designation Q2 2012
520 ## - SUMMARY, ETC.
Summary, etc. Reports on industrial properties larger than 50 000 sq ft. Take-up rebounded in Q2 2012 to 8.1m sq ft after a disappointing Q1 2012, reaching the highest level for two years. Total available space fell by 6% from the previous quarter. Rental levels remained flat in Q2. Speculative development completing over the next 12 months rose to 950 000 sq ft, up from 800 000 sq ft in Q1. Q2 investment activity rose to £1.4bn.
590 ## - LOCAL NOTE (RLIN)
Local note KA NTK
651 #4 - SUBJECT ADDED ENTRY--GEOGRAPHIC NAME
Geographic name United Kingdom
690 ## - LOCAL SUBJECT ADDED ENTRY--TOPICAL TERM (OCLC, RLIN)
Topical term or geographic name as entry element Commercial property
9 (RLIN) 6227
856 40 - ELECTRONIC LOCATION AND ACCESS
Uniform Resource Identifier <a href="https://www.dtz.com/Global/Research/Property+UK+Industrial+Q2+2012">https://www.dtz.com/Global/Research/Property+UK+Industrial+Q2+2012</a>
Public note View the report after registration (free) at www.dtz.com
942 ## - ADDED ENTRY ELEMENTS (KOHA)
Suppress in OPAC 0
Holdings
Withdrawn status Lost status Source of classification or shelving scheme Damaged status Not for loan Home library Current library Shelving location Date acquired Total Checkouts Full call number Barcode Date last seen Copy number Price effective from Koha item type
    Dewey Decimal Classification     Virtual Virtual Online 01/08/2012   ONLINE PUBLICATION 156966-2001 06/08/2019 1 06/08/2019 Book